Technologie der Textilindustrie.

Uložené v:
Podrobná bibliografia
Hlavný autor: Hilbert, K.
Médium: Kniha
Jazyk:Slovak
Vydané: 1966.
Tagy: Pridať tag
Žiadne tagy, Buďte prvý kto otaguje tento záznam!

MARC

LEADER 00000nam a22000004a 4500
001 000528115
005 20161125103939.0
008 161125s1966 xo e 000 0 slo d
040 |a SVKKK  |b slo  |c SVKKK  |e AACR2 
100 1 |a Hilbert, K. 
245 1 0 |a Technologie der Textilindustrie. 
260 |c 1966. 
500 |a Záznam revízie 
910 |a svkkk 
998 |a BK 
090 |g SCKHL  |k Sklad Pribinova 2. posch.  |a X0.6801  |j 030239  |i 2720357316  |s Absenčne